000
00302nam a2200109Ia 4500
005
20251222152010.0
008
251222s9999||||xx |||||||||||||| ||spa||
082
_a
333.7/C76
245
0
_a
Conferencia de las Naciones Unidas sobre el Medio ambiente y el Desarrollo 1992
264
_b
CNUMAD
942
_c
LIB
999
_c
24863
_d
24863